Compactness and contradiction (Record no. 759246)

MARC details
000 -LEADER
fixed length control field 00387nam a22001457a 4500
020 ## - INTERNATIONAL STANDARD BOOK NUMBER
ISBN 9789349750029
100 ## - MAIN ENTRY--AUTHOR NAME
Personal name Tao, Terence
245 ## - TITLE STATEMENT
Title Compactness and contradiction
260 ## - PUBLICATION, DISTRIBUTION, ETC. (IMPRINT)
Place of publication Telangana
Name of publisher Universities press
Year of publication 2026
300 ## - PHYSICAL DESCRIPTION
Number of Pages xii+256
650 ## - SUBJECT ADDED ENTRY--TOPICAL TERM
Topical Term Mathematical analysis
650 ## - SUBJECT ADDED ENTRY--TOPICAL TERM
Topical Term Mathematical folklore
942 ## - ADDED ENTRY ELEMENTS (KOHA)
Source of classification or shelving scheme Dewey Decimal Classification
Koha item type Book
Holdings
Withdrawn status Lost status Source of classification or shelving scheme Damaged status Not for loan Collection code Home Library Current Location Shelving location Date acquired Source of acquisition Cost, normal purchase price Full call number Accession Number Price effective from Koha item type
    Dewey Decimal Classification     Gift or donation Dept. of Mathematics Dept. of Mathematics General Stacks 02/05/2026 032/NBHM 0038 (Gift from NBHM) 1095.00 510 TAO-C MATG280 05/05/2026 Book